000 00496nam a2200169 4500
008 0 1993 0a 000 0USA
020 _a0-07-881841-9
050 _aHG179 C35 1993
082 _a001.642.5 C127q
100 _aCampbell, David
245 _aQuicken 2 for windows made easy / David Campbell, Mary Campbell
260 _aUsa : Mcgraw-Hill
300 _axxii, 457 p. / 23 cm.
500 _aIncluye apendices
650 _a1. Quicken para windows
700 _aCampbell, Mary
999 _c12284
_d12284